000 00250nam a2200109Ia 4500
008 220204s9999 xx 000 0 und d
082 _a82-3
_bMCB
100 _aMcBain, Ed
245 0 _aSadie when she died
260 _aLondon
_bPan
_c1972
942 _cBK
999 _c33860
_d33860